02686nam a22002177a 4500008004100000020001800041040000800059041002300067100003200090245012600122260004000248300007000288520176200358650004602120650006702166650005902233655003602292942000802328952011702336999001502453250618b |||||||| |||| 00| 0 eng d a9781663260574 ctbs aengachiajpnakor aLee, Yong S.925509eauthor aAchieving true fluency in Englishb: by mastering figures of speech : idioms, metaphors and phrasal verbsc/ Yong S. Lee. aBloomington, IN :biUniversec2024. a235 pages :billustrations, portraits (black and white) ;c23 cm. aThis comprehensive guide is tailored for non-native English speakers, particularly those from Korea, Japan, and China. It aims to facilitate true linguistic proficiency by demystifying the complex idioms, metaphors, and non-literal phrasal verbs that often pose obstacles in various contexts—from daily social interactions to high-stakes business negotiations and diplomatic engagements. The book curates a collection of 250 expressive figures of speech, each elucidated with their etymologies, illustrative images, and applications, drawing on the wisdom of “” (seeing once is better than hearing a hundred times). From a broader perspective, understanding these ‘figures of speech’ offers significant advantages. It enables readers to comprehend subtle messages and avoid embarrassing miscommunications. For speakers, using these expressions correctly means conveying complex ideas and emotions vividly and succinctly, enhancing storytelling with imagination and engagement. Additionally, adept use of these expressions can foster a deeper emotional and cultural connection with an audience. Readers will find that this handbook does more than enhance their basic English communication skills; it delves into the nuances of everyday dialogue, equips them to navigate socially delicate situations, and empowers them to be compelling in business and diplomatic discourse. Moreover, a familiarity with common figures of speech allows for a richer enjoyment of English-language media, literature, and pop culture. To make this resource widely accessible, especially to speakers of Korean, Chinese, and Japanese—who share a linguistic heritage—all entries are meticulously translated into these languages, ensuring a seamless learning experience. 0aEnglish languagexSelf-instruction925365 0aEnglish language xStudy and teachingxForeign speakers911690 0aEnglish languagexConversation and phrase books925510 0aSelf-instructional works925331 2lcc 00102lcc4070aTBSbTBSd2025-06-18l1oP-EN LEARN LEEpB05761r2025-11-20s2025-11-05t1w2025-06-18yENGLISH c4766d4766